000 00281nam a2200097Ia 4500
001 1043127
005 20250826232115.0
008 250824s9999 xx 000 0 und d
245 0 _aBİLİNMEYEN YÖNLERİYLE İSMET İNÖNÜ GERÇEĞİ
_cMUSTAFA ARMAĞAN
260 _bKETEBE YAYINLARI
999 _c1043127
_d1043127